000 00430nam a2200169Ia 4500
008 230711s9999||||xx |||||||||||||| ||und||
020 _a81-239-0601-3
041 _aENG
082 _a621.4022
_bZA-H
100 _aZakharov,B
245 0 _aHeat Treatment of Metals
250 _a1st Ed.
260 _c1998
_aNew Delhi
_bCBS Publishers & Distributors Pvt.Ltd
300 _a311p.
650 _aMechanical Engineering
942 _cBK
999 _c6701
_d6701